|
|
|
|
| LEADER |
00000nam a2200000Ia 4500 |
| 008 |
170719b2005 cr ||||| |||| 00| | spa d |
| 999 |
|
|
|c 805
|d 805
|
| 020 |
|
|
|a 9968313947
|
| 090 |
|
|
|a 06.05.02
|b 1118
|
| 100 |
1 |
|
|a Arnaiz Sánchez, Pilar
|9 3010
|
| 245 |
1 |
0 |
|a Atención a la diversidad: programación curricular /
|c Pilar Arnaiz Sánchez
|
| 260 |
|
|
|a San José, Costa Rica :
|b EUNED,
|c 2005
|
| 300 |
|
|
|a 154 páginas
|
| 500 |
|
|
|a Reimpresión de 2009
|
| 650 |
1 |
4 |
|a ENSEÑANZA INDIVIDUALIZADA
|9 3011
|
| 650 |
1 |
4 |
|a EDUCACIÓN ESPECIAL
|9 817
|
| 650 |
1 |
4 |
|a PROGRAMA DE ESTUDIOS
|9 1364
|
| 650 |
1 |
4 |
|a PLANIFICACIÓN DE LA EDUCACIÓN
|9 124
|
| 942 |
|
|
|i 002304
|h 06.05.02 1118
|2 z
|c 01
|